000 00311nam a22001457a 4500
008 230721b ||||| |||| 00| 0 eng d
020 _a9780309103107
041 _aeng
080 _a616.073
082 _a616.073HAZ
100 _a12
101 _aGENE
245 _aGEN.E.SIS
_cHAZEN .M.R
942 _2udc
_cBK
999 _c60197
_d60197